| 000 | 00671nam a2200229 i 4500 | ||
|---|---|---|---|
| 001 | 14615 | ||
| 003 | ES-MaACL | ||
| 005 | 20230906150841.0 | ||
| 007 | t| | ||
| 008 | 990503s1999 sp a |||| | spa d | ||
| 020 | _a84-86702-45-3 | ||
| 080 | _a572.1/4 | ||
| 080 | _a903(460.182) | ||
| 245 | 0 | 0 |
_aAtapuerca _b: un millón de años de historia / _cJosé Cervera ... [et al.]. |
| 250 | _a2ª ed. | ||
| 260 |
_aMadrid : _bPlot : _bEditorial Complutense, _c1999. |
||
| 300 |
_a238 p. : _bil. ; _c27 cm. |
||
| 650 | 4 |
_aEvolución humana. _912627 |
|
| 651 | 4 |
_aAtapuerca (Burgos, Yacimiento) _9167383 |
|
| 700 | 1 |
_aCervera, José. _937630 |
|
| 852 |
_aES-MaACL _jL-21796 |
||
| 999 |
_c14615 _d14615 |
||